| 000 | 00703nam a22002057a 4500 | ||
|---|---|---|---|
| 999 |
_c10170 _d10170 |
||
| 003 | AR-CdUCM | ||
| 008 | 190329b ||||| |||| 00| 0 spa d | ||
| 040 |
_aMUNICIPALIDAD PROVINCIAL DEL CUSCO _cBIBLIOTECA MUNICIPAL DEL CUSCO |
||
| 082 |
_a869.26 / _bC96E / 1977 |
||
| 100 |
_aCuña Irma _926868 |
||
| 245 | _aEl extraño / | ||
| 260 |
_aBuenos Aires : _bSiringa libros, _c[1977] |
||
| 300 |
_a50 páginas ; _c22 cm. |
||
| 500 | _aDonación de la familia Nieto. Con una fe poética de 1974: "El hombre es su palabra" | ||
| 650 |
_aPoesía argentina _91657 |
||
| 650 |
_aPoetisas argentinas _926869 |
||
| 650 |
_aPoesía contemporánea - Siglo XX _926870 |
||
| 942 |
_2ddc _cLIBROS |
||
| 945 | _alccs | ||